L'Establiment humà al Parc Natural de Sant Llorenç del Munt i l'Obac / text i dibuixos: Antoni Ferrando i Roig ; fotos: Amics de Mura Antoni Ferrando i Roig ; fotos:
ISBN:
84-500-9543-3
Descripción Física:
31 p. : il. col. ; 22 cm
MARC
| LEADER | 00000nam a2200000Ia 4500 | ||
|---|---|---|---|
| 001 | 12800 | ||
| 003 | BGR | ||
| 005 | 20260324175317.0 | ||
| 008 | 160829s9999 xx 000 0 cat d | ||
| 020 | |a 84-500-9543-3 | ||
| 080 | |a FU-14-30 | ||
| 100 | |a Ferrando i Roig, Antoni |9 26151 | ||
| 245 | |a L'Establiment humà al Parc Natural de Sant Llorenç del Munt i l'Obac / text i dibuixos: |b Antoni Ferrando i Roig ; fotos: |b Amics de Mura | ||
| 260 | |a Barcelona : |b Servei de Parcs Naturals, Diputació de Barcelona, DL 1984 | ||
| 300 | |a 31 p. : |b il. col. ; |c 22 cm | ||
| 610 | 2 | 0 | |a Parc Natural de Sant Llorenç del Munt i l'Obac (Catalunya) |x Història |9 56263 |
| 710 | |a Barcelona (Catalunya : Província). |b Servei de Parcs Naturals |9 53492 | ||
| 710 | 2 | |a Amics de Mura |9 70302 | |
| 901 | |a Arxiu | ||
| 942 | |n 1 |2 udc |c MON | ||
| 952 | |0 0 |1 0 |4 0 |6 FU1430 |7 1 |9 43899 |a Arxiu |b Arxiu |d 2016-12-01 |l 0 |o FU-14-30 |p 12800 |r 2016-12-01 00:00:00 |w 2016-12-01 |y ARXIU | ||
| 999 | |c 46479 |d 46479 | ||